000 00801nam a22002537a 4500
999 _c130662
_d130662
003 dpl
005 20190225151444.0
008 180725b xxu||||| |||| 00| 0 eng d
010 _aB-159615
020 _c175.00
_a8126019166
035 _aB-159615, B-159616, B-159618
037 _bCen Lib/Ret
040 _aDPL
_bEN
_c0
082 _aN
_bMAD
100 _aMadhaviah, A.
_929783
245 _aClarinda :
_cby A. Madhaviah; edited with introduction by Lasshmi Holmstrom
_ba historical novel /
260 _bSahitya Akademy
_aNew Delhi
_c2006
270 _bNew Delhi
_aRabindra bhavan, 35 ferozshah road
_e110001
300 _axlvii,321p.
_c21cm(Hb)
650 _aLiterature
_96262
650 _aHistorical novel
_929784
700 _aHolmstrom, Lakshmi
_9104399
942 _2ddc
_cEN
_hN
_mMAD